Hai loài thực vật cho chất nhuộm m Hai loài thực vật cho chất nhuộm màu chàm ở Lâm Đồng và quy trình tách chiết chất chàm trong điều kiện phòng thí nghiệm /
Saved in:
| Main Author: | |
|---|---|
| Format: | Article |
| Language: | Vietnamese |
| Tags: |
Add Tag
No Tags, Be the first to tag this record!
|
| Institutions: | Thư viện Trường Đại học Đà Lạt |
|---|
| LEADER | 00853nam a2200229 4500 | ||
|---|---|---|---|
| 001 | DLU120137647 | ||
| 005 | ##20120719 | ||
| 040 | # | # | |a DLU |b vie |
| 041 | # | # | |a vie |
| 044 | # | # | |a vn |
| 100 | # | # | |a Hoàng Thị Bình. |
| 245 | # | # | |a Hai loài thực vật cho chất nhuộm m Hai loài thực vật cho chất nhuộm màu chàm ở Lâm Đồng và quy trình tách chiết chất chàm trong điều kiện phòng thí nghiệm / |c Hoàng thị Bình. |
| 773 | # | # | |a Thông báo khoa học: Kỷ niệm năm mươi năm thành lập Trường Đại Học |g 2008, tr. 31-35 |
| 920 | # | # | |a Phòng Tạp chí -- Trung tâm Thông tin - Thư viện Trường Đại học Đà Lạt |
| 994 | # | # | |a DLU |
| 900 | # | # | |a True |
| 911 | # | # | |a Nguyễn Thị Tưởng |
| 925 | # | # | |a G |
| 926 | # | # | |a A |
| 927 | # | # | |a BB |
| 980 | # | # | |a Thư viện Trường Đại học Đà Lạt |